00476 2200205 4500001002100000005001500021008004100036020002200077035001900099041000700118082000800125090001400133100001700147245002200164250000900186260003100195300001900226500001000245650001500255INLIS00000000000577720241224113150241224||||||||| | ||| |||| || |  a978-979-045-376-0 0010-1224005777 aid0 a590 a590 MOR P0 aSally Morgan00aPelestarian Hewan aED.1 aSolobTiga Serangkaic2009 a28 HLM,;26,5CM aCET 1 0aIlmu Murni